LEADER 00960nam a2200229 i 4500 001 000000166665 003 CaOOAMICUS 005 20071115000000.0 008 071115s1965 it u000 u ita u 013 $a144034 040 $aSeMil$bita 100 1 $aPacelli, Carlo.$0(OLS)http://semarc/name/62588 245 13$aIl Canto 7. del Purgatorio /$cCarlo Pacelli. 260 $aTorino ; Genova [etc.] :$bSocietà Editrice Internazionale,$c1965. 300 $a42 p. ;$c23 cm. 490 0 $aLectura Dantis Romana 650 4$aLectura Dantis - Purgatorio - Canto 7.$0(OLS)http://semarc/subject/31726 830 0$aLectura Dantis Romana.$0(OLS)http://semarc/title/24564 850 $aSeMil 852 $aSeMil$W1$xVenegono$y1$m1N II 141$j117828$B117828$CSeMilBibl$Z2$F128565 $81 996 $6245$aIl Canto 7. del Purgatorio$9(OLS)http://semarc/title/238210 996 $6260$aTorino ; Genova [etc.] :$bSocietà Editrice Internazionale$9(OLS)http://semarc/publisher/31868 LEADER 01204nam a2200241 i 4500 001 000000226080 003 CaOOAMICUS 005 20140103000000.0 008 140103s1890 it u000 u fre u 013 $a204982 040 $aSeMil$bita 100 1 $aFreppel, Charles Émil,$d<1827-1891>.$0(OLS)http://semarc/name/90210 245 10$aSaint Cyprien et l'église d'Afrique au 3. siècle :$bcours d'éloquence sacrée fait à la Sorbonne pendant l'année 1863-1864 /$cpar Monseigneur Freppel. 250 $a3. éd. 260 $aParis :$bRetaux-Bray,$c1890. 300 $a427 p. ;$c23 cm. 600 04$aCipriano : di Cartagine .$0(OLS)http://semarc/subject/8365 650 4$aChiesa primitiva e delle origini .$0(OLS)http://semarc/subject/1281 650 4$aCartagine - Storia.$0(OLS)http://semarc/subject/34647 850 $aSeMil 852 $aSeMil$W1$xVenegono$y1$m2U V 82 FA$j176426$B176426$CSeMilBibl$Z2$F186956 $8I 996 $6245$aSaint Cyprien et l'église d'Afrique au 3. siècle :$bcours d'éloquence sacrée fait à la Sorbonne pendant l'année 1863-1864$9(OLS)http://semarc/title/323751 996 $6260$aParis :$bRetaux-Bray$9(OLS)http://semarc/publisher/37062